00963 2200325 4500001002100000005001500021035002000036245009900056100003500155250001000190300004300200006001800243007000300261008004100264700004000305264004000345336002100385337003000406338002300436082001000459084001600469020002200485650001600507504002900523500002400552990001600576990001500592990001500607990001500622INLIS00000000000453220260525110228 a0010-01220001641 aJurnalistik :bPetunjuk Teknis Menulis Berita /cSedia Willing barus; Editor, Yayat Sri Hayati0 aSedia Willing barusePengarang aCet.5 axiii, 266 hal. :billus. ;c17,5x25 cma ta260525 0  aEditor, Yayat Sri HayatiePengarang aJakarta :bPenerbit Erlangga,c2014 2rdacontentaTeks 2rdamediaaTanpa Perantara 2rdacarrieravolume a070.4 a070.4 SED j a978-979-075-927-5 4aJurnalistik abibliografi, hlm 261-262 aindeks, hlm 263-266 a17.109/2012 a17110/2012 a17111/2012 a17112/2012